Manual of Civil Courts Laws / (Record no. 613469)
[ view plain ]
| 000 -LEADER | |
|---|---|
| fixed length control field | 00318nam a22001217a 4500 |
| 082 ## - DEWEY DECIMAL CLASSIFICATION NUMBER | |
| Classification number | 347.549101 |
| Author Mark | AKH |
| 100 ## - MAIN ENTRY--PERSONAL NAME | |
| Personal name | Akhtar, Ifraz |
| 9 (RLIN) | 128112 |
| 245 ## - TITLE STATEMENT | |
| Title | Manual of Civil Courts Laws / |
| Statement of responsibility, etc. | Ifraz Akhtar |
| 260 ## - PUBLICATION, DISTRIBUTION, ETC. | |
| Place of publication, distribution, etc. | Lahore : |
| Name of publisher, distributor, etc. | Capital Law Publishers, |
| Date of publication, distribution, etc. | 2021. |
| 300 ## - PHYSICAL DESCRIPTION | |
| Extent | 304 p. |
| 650 ## - SUBJECT ADDED ENTRY--TOPICAL TERM | |
| Topical term or geographic name entry element | Law |
| 9 (RLIN) | 35302 |
| 942 ## - ADDED ENTRY ELEMENTS (KOHA) | |
| Source of classification or shelving scheme | |
| Koha item type | Book |
| Withdrawn status | Lost status | Source of classification or shelving scheme | Damaged status | Not for loan | Permanent Location | Current Location | Date acquired | Total Checkouts | Full call number | Barcode | Date last seen | Price effective from | Koha item type |
|---|---|---|---|---|---|---|---|---|---|---|---|---|---|
| NUST Law School (NLS) | NUST Law School (NLS) | 03/25/2025 | 347.549101 AKH | NLS-234 | 03/25/2025 | 03/25/2025 | Book | ||||||
| NUST Law School (NLS) | NUST Law School (NLS) | 03/25/2025 | 347.549101 AKH | NLS-235 | 03/25/2025 | 03/25/2025 | Book | ||||||
| NUST Law School (NLS) | NUST Law School (NLS) | 03/25/2025 | 347.549101 AKH | NLS-236 | 03/25/2025 | 03/25/2025 | Book |
